Josefové /
Poeticky a podmanivě napsaná novela známého cimrmanologa, textaře, scénáristy, herce a básníka Miloně Čepelky.
Uloženo v:
| Hlavní autor: | |
|---|---|
| Médium: | E-kniha |
| Jazyk: | Czech |
| Vydáno: |
Řitka :
Čas,
2024
|
| Témata: | |
| Tagy: |
Žádné tagy |
| LEADER | 01753nam a2200349 i 4500 | ||
|---|---|---|---|
| 001 | 312502 | ||
| 003 | CZ PrSKC | ||
| 005 | 20260601215723.0 | ||
| 007 | ta | ||
| 008 | 241011s2024 xr a g 000 j cze | ||
| 015 | |a cnb003637471 | ||
| 020 | |a 9788074754777 |q (vázáno) | ||
| 035 | |a (OCoLC)1519102050 | ||
| 040 | |a ABG001 |b cze |e rda | ||
| 072 | 7 | |a 821.162.3-3 |x Česká próza |2 Konspekt | |
| 080 | |a 821.162.3-32 |2 MRF | ||
| 080 | |a (0:82-32) |2 MRF | ||
| 100 | 1 | |a Čepelka, Miloň, |d 1936- |7 jk01021264 |4 aut | |
| 245 | 1 | 0 | |a Josefové / |c Miloň Čepelka |
| 264 | 1 | |a Řitka : |b Čas, |c 2024 | |
| 300 | |a 65 stran : |b barevné ilustrace ; |c 21 cm | ||
| 336 | |a text |b txt |2 rdacontent | ||
| 337 | |a bez média |b n |2 rdamedia | ||
| 338 | |a svazek |b nc |2 rdacarrier | ||
| 520 | 2 | |a Poeticky a podmanivě napsaná novela známého cimrmanologa, textaře, scénáristy, herce a básníka Miloně Čepelky. |b Novela zkoumá čtyři generace prvorozených synů z jednoho hnízda, které, každého jinak, poznamenaly nemilosrdné velké dějiny i jejich vlastní sny a zrady. Hutnému poetickému textu v tom pomáhají čtyři podmanivě barevné obrazy Lenky Kozlíkové. Nakladatelská anotace. | |
| 655 | 7 | |a české novely |7 fd133969 |2 czenas | |
| 655 | 9 | |a Czech novellas |2 eczenas | |
| 900 | |a ABA001 |b 19 | ||
| 044 | |a xr | ||
| 910 | |a RBIT002 | ||
| 998 | |d 414206 |a https://core.palmknihy.cz/api/books/414206/cover?sjsr32 |b https://core.palmknihy.cz/api/books/414206/cover/400?sjsr32 |c https://core.palmknihy.cz/api/books/414206/cover/50?sjsr32 |e 2044-10-02 |g 72 |i 9788074754777 |j https://core.palmknihy.cz/api/books/414206/preview.epub |k https://core.palmknihy.cz/api/books/414206/preview.pdf |l |q 49 |r 1 |s https://www.palmknihy.cz/kniha/414206 |t ebook |y 2024 |z 0 | ||
| 999 | |d 312500 | ||